000
00307nam a2200121Ia 4500
008
230303s9999 xx 000 0 und d
041
_a
eng
082
_a
621.38215 LIN
100
_a
LIN (Yi-Bing
245
_a
Wireless and mobile network architecture
260
_a
NEW DELHI
_b
Wiley India 40
365
_c
RS
999
_c
203793
_d
203793